Catholic University of Zimbabwe Library
Online Public Access Catalogue
(OPAC)

Queer Insists (for José Esteban Muñoz) (Record no. 27000)

MARC details
000 -LEADER
fixed length control field 02832cam a22004334a 4500
001 - CONTROL NUMBER
control field muse87159
003 - CONTROL NUMBER IDENTIFIER
control field MdBmJHUP
005 - DATE AND TIME OF LATEST TRANSACTION
control field 20210127151759.0
006 - FIXED-LENGTH DATA ELEMENTS--ADDITIONAL MATERIAL CHARACTERISTICS
fixed length control field m o d
007 - PHYSICAL DESCRIPTION FIXED FIELD--GENERAL INFORMATION
fixed length control field cr||||||||nn|n
008 - FIXED-LENGTH DATA ELEMENTS--GENERAL INFORMATION
fixed length control field 200729r20202014nyu o 00 0 eng d
020 ## - INTERNATIONAL STANDARD BOOK NUMBER
International Standard Book Number 9780692344736
035 ## - SYSTEM CONTROL NUMBER
System control number (OCoLC)1181774212
040 ## - CATALOGING SOURCE
Original cataloging agency MdBmJHUP
Transcribing agency MdBmJHUP
050 #4 - LIBRARY OF CONGRESS CALL NUMBER
Classification number HQ76.25
Item number .O76 2014
100 1# - MAIN ENTRY--PERSONAL NAME
Personal name O'Rourke, Michael,
Dates associated with a name 1976-
Relator term author.
245 10 - TITLE STATEMENT
Title Queer Insists (for José Esteban Muñoz)
Statement of responsibility, etc. Michael O'Rourke.
264 #1 - PRODUCTION, PUBLICATION, DISTRIBUTION, MANUFACTURE, AND COPYRIGHT NOTICE
Name of producer, publisher, distributor, manufacturer Project Muse,
264 #3 - PRODUCTION, PUBLICATION, DISTRIBUTION, MANUFACTURE, AND COPYRIGHT NOTICE
Name of producer, publisher, distributor, manufacturer Project MUSE,
300 ## - PHYSICAL DESCRIPTION
Extent 1 online resource (60 pages) :
Other physical details illustrations
500 ## - GENERAL NOTE
General note Issued as part of book collections on Project MUSE.
504 ## - BIBLIOGRAPHY, ETC. NOTE
Bibliography, etc. note Includes bibliographical references (pages 55-60).
506 0# - RESTRICTIONS ON ACCESS NOTE
Terms governing access Open Access
Standardized terminology for access restriction Unrestricted online access
Source of term star
520 ## - SUMMARY, ETC.
Summary, etc. Queer Insists is a memorial essay, a work of mourning, written for the queer theorist and performance scholar Jose Esteban Muñoz (1967-2013) shortly after his untimely death in December 2013. In a series of fragments, not unlike Roland Barthes's Mourning Diary, Michael O'Rourke shares memories of Muñoz, the stories and reflections of his friends in the wake of his passing, and readings of his work from Disidentifications to Cruising Utopia and beyond. O'Rourke argues that, for Muñoz, queer does not exist, per se, but rather insists, soliciting us from the future to-come. Muñoz reached towards teleopoietic worlds as he invented a queer theory we have yet to find, but are invited to glimpse.Among the Muñozian themes this chapbook discusses are hope, utopia, affect, punk rock, heresy, the undercommons, temporality, hauntology, forgetting, loss, ephemera, partage, sense, incommensurability, the event and democracy.In reading Muñoz as a Rogue Theorist, this book borrows many of the gifts we have received (and have yet to receive) from him, marking the force and luminescence of his thought, and insisting upon the rare and precious singularity of his work. Muñoz bequeaths to us a queer studies without condition which it is our duty to foster and to bear as we carry it and him into the unknowable futures of an indiscipline.
588 ## - SOURCE OF DESCRIPTION NOTE
Source of description note Description based on print version record.
650 #0 - SUBJECT ADDED ENTRY--TOPICAL TERM
Topical term or geographic name entry element Queer theory.
655 #0 - INDEX TERM--GENRE/FORM
Genre/form data or focus term Electronic books.
655 #0 - INDEX TERM--GENRE/FORM
Genre/form data or focus term Essays.
Source of term lcgft
655 #7 - INDEX TERM--GENRE/FORM
Genre/form data or focus term Electronic books.
Source of term local
710 2# - ADDED ENTRY--CORPORATE NAME
Corporate name or jurisdiction name as entry element Project Muse,
Relator term distributor.
776 18 - ADDITIONAL PHYSICAL FORM ENTRY
Relationship information Print version:
International Standard Book Number 9780692344736
710 2# - ADDED ENTRY--CORPORATE NAME
Corporate name or jurisdiction name as entry element Project Muse.
Relator term distributor
830 #0 - SERIES ADDED ENTRY--UNIFORM TITLE
Uniform title Book collections on Project MUSE.
856 40 - ELECTRONIC LOCATION AND ACCESS
Public note Full text available:
Uniform Resource Identifier <a href="https://muse.jhu.edu/book/76476/">https://muse.jhu.edu/book/76476/</a>
Holdings
Withdrawn status Lost status Source of classification or shelving scheme Damaged status Not for loan Home library Current library Shelving location Date acquired Total Checkouts Full call number Date last seen Uniform Resource Identifier Price effective from Koha item type
          Digital Library Digital Library Online Access 27.01.2021   HQ76.25 .O76 2014 27.01.2021 https://muse.jhu.edu/book/76476/ 27.01.2021 eBook

OPENING HOURS

Weekdays: 0815hrs - 1800hrs
Weekends:0900hrs - 1200hrs

Closed for Mass:

Mon, Thur: 1200hrs - 1300hrs
Sunday & Public Holiday’s

CALL SUPPORT

0242-570570, 0242-570169
09200664, +263 8644140602

LOCATION

18443, Cranborne Avenue, Hatfield, Harare

Other Links


©2021 | CUZ Library